| 000 | 01189nam a2200277Ia 4500 | ||
|---|---|---|---|
| 001 | ebr10057335 | ||
| 003 | CaPaEBR | ||
| 006 | m u | ||
| 007 | cr cn||||||||| | ||
| 008 | 990825s2004 at b sb 001 0 eng d | ||
| 020 | _z174076045X | ||
| 040 |
_aCaPaEBR _cCaPaEBR |
||
| 035 | _a(OCoLC)70773514 | ||
| 050 | 1 | 4 |
_aJX1876.A4 _bH36 2004eb |
| 100 | 1 | _aHamilton, William Stenhouse. | |
| 245 | 1 | 0 |
_aNotes from old Nanking 1947-1949 _h[electronic resource] : _bthe great transition / _cWilliam Stenhouse Hamilton. |
| 260 |
_aSydney : _bPandanus, _c2004. |
||
| 300 |
_ax, 194 p. : _bill., map. |
||
| 504 | _aIncludes bibliographical references and index. | ||
| 533 |
_aElectronic reproduction. _bPalo Alto, Calif. : _cebrary, _d2005. _nAvailable via World Wide Web. _nAccess may be limited to ebrary affiliated libraries. |
||
| 650 | 0 |
_aDiplomatic and consular service, Australian _zChina _xHistory _yCivil War, 1945-1949. |
|
| 651 | 0 |
_aNanjing Shi (China) _xHistory _y20th century. |
|
| 655 | 7 |
_aElectronic books. _2local |
|
| 710 | 2 | _aebrary, Inc. | |
| 856 | 4 | 0 |
_uhttp://site.ebrary.com/lib/rucke/Doc?id=10057335 _zAn electronic book accessible through the World Wide Web; click to view |
| 999 |
_c71610 _d71610 |
||